[Event "Deutsche Ländermeisterschaft 2023"]
[Site "Hannover GER"]
[Date "2023.10.01"]
[Round "2"]
[White "Hinrichs, Paul"]
[Black "Kallweit, Paul"]
[Result "1/2-1/2"]
[Termination "normal"]
[Board "4.1"]
[WhiteElo "2231"]
[BlackElo "1900"]
[WhiteClock "01:11:20"]
[BlackClock "00:04:22"]
[WhiteTeam "Rheinland-Pfalz"]
[BlackTeam "Mecklenburg-Vorpommern"]
[PlyCount "128"]
[WhiteFideId "12942545"]
[BlackFideId "16228081"]
[EventCountry "GER"]
[EventRounds "7"]
[EventType "team-swiss"]
[EventDate "2023.09.30"]

1. d4 {[%clk 01:30:53]} {[%emt 00:00:06]} d5 {[%clk 01:30:47]} {[%emt
00:00:13]} 2. Nf3 {[%clk 01:31:17]} {[%emt 00:00:06]} e6 {[%clk 01:31:04]}
{[%emt 00:00:13]} 3. g3 {[%clk 01:31:40]} {[%emt 00:00:07]} Bd6 {[%clk
01:27:03]} {[%emt 00:04:31]} 4. Bg2 {[%clk 01:31:15]} {[%emt 00:00:55]} c6
{[%clk 01:25:52]} {[%emt 00:01:41]} 5. O-O {[%clk 01:30:05]} {[%emt 00:01:40]}
Nd7 {[%clk 01:23:58]} {[%emt 00:02:24]} 6. c4 {[%clk 01:30:12]} {[%emt
00:00:23]} Ngf6 {[%clk 01:21:27]} {[%emt 00:03:01]} 7. Nc3 {[%clk 01:30:32]}
{[%emt 00:00:10]} O-O {[%clk 01:21:49]} {[%emt 00:00:08]} 8. Nd2 {[%clk
01:30:59]} {[%emt 00:00:04]} Re8 {[%clk 01:14:55]} {[%emt 00:07:23]} 9. e4
{[%clk 01:30:59]} {[%emt 00:00:30]} dxe4 {[%clk 01:13:52]} {[%emt 00:01:33]}
10. Ndxe4 {[%clk 01:31:24]} {[%emt 00:00:05]} Bc7 {[%clk 01:06:06]} {[%emt
00:08:16]} 11. b3 {[%clk 01:27:22]} {[%emt 00:04:33]} e5 {[%clk 01:01:57]}
{[%emt 00:04:39]} 12. d5 {[%clk 01:27:03]} {[%emt 00:00:50]} cxd5 {[%clk
00:59:23]} {[%emt 00:03:04]} 13. Nxd5 {[%clk 01:26:17]} {[%emt 00:01:15]} Nxe4
{[%clk 00:51:40]} {[%emt 00:08:13]} 14. Nxc7 {[%clk 01:23:01]} {[%emt
00:03:46]} Qxc7 {[%clk 00:51:49]} {[%emt 00:00:20]} 15. Bxe4 {[%clk 01:23:23]}
{[%emt 00:00:08]} Nc5 {[%clk 00:35:02]} {[%emt 00:17:17]} 16. Bg2 {[%clk
01:19:06]} {[%emt 00:04:48]} Bf5 {[%clk 00:31:36]} {[%emt 00:03:56]} 17. Ba3
{[%clk 01:14:58]} {[%emt 00:04:38]} Rad8 {[%clk 00:29:17]} {[%emt 00:02:48]}
18. Qf3 {[%clk 01:10:57]} {[%emt 00:04:32]} Be4 {[%clk 00:27:11]} {[%emt
00:02:36]} 19. Qe3 {[%clk 01:11:07]} {[%emt 00:00:22]} Bxg2 {[%clk 00:27:25]}
{[%emt 00:00:16]} 20. Kxg2 {[%clk 01:11:28]} {[%emt 00:00:08]} Qc6+ {[%clk
00:20:18]} {[%emt 00:07:36]} 21. f3 {[%clk 01:09:58]} {[%emt 00:02:01]} Ne6
{[%clk 00:18:14]} {[%emt 00:02:33]} 22. Bb2 {[%clk 01:08:50]} {[%emt 00:01:38]}
f6 {[%clk 00:17:23]} {[%emt 00:01:21]} 23. Rad1 {[%clk 01:08:29]} {[%emt
00:00:52]} a6 {[%clk 00:17:18]} {[%emt 00:00:36]} 24. Qe2 {[%clk 01:06:25]}
{[%emt 00:02:34]} Kf7 {[%clk 00:13:18]} {[%emt 00:04:29]} 25. Rxd8 {[%clk
01:06:38]} {[%emt 00:00:17]} Rxd8 {[%clk 00:13:39]} {[%emt 00:00:09]} 26. Rd1
{[%clk 01:07:01]} {[%emt 00:00:07]} Rd6 {[%clk 00:08:40]} {[%emt 00:05:27]} 27.
Ba3 {[%clk 01:06:01]} {[%emt 00:01:30]} Rd4 {[%clk 00:08:26]} {[%emt 00:00:45]}
28. Rxd4 {[%clk 01:05:29]} {[%emt 00:01:02]} Nxd4 {[%clk 00:08:46]} {[%emt
00:00:10]} 29. Qd3 {[%clk 01:05:52]} {[%emt 00:00:08]} g6 {[%clk 00:03:45]}
{[%emt 00:05:31]} 30. Bb2 {[%clk 01:06:08]} {[%emt 00:00:13]} Ne6 {[%clk
00:04:10]} {[%emt 00:00:05]} 31. Bc1 {[%clk 01:06:28]} {[%emt 00:00:11]} Ke7
{[%clk 00:03:44]} {[%emt 00:00:56]} 32. Ba3+ {[%clk 01:03:25]} {[%emt
00:03:33]} Ke8 {[%clk 00:03:57]} {[%emt 00:00:16]} 33. h4 {[%clk 01:03:04]}
{[%emt 00:00:52]} Qd7 {[%clk 00:02:32]} {[%emt 00:01:55]} 34. Bd6 {[%clk
01:02:19]} {[%emt 00:01:15]} Qc6 {[%clk 00:02:20]} {[%emt 00:00:41]} 35. h5
{[%clk 00:59:27]} {[%emt 00:03:22]} Kf7 {[%clk 00:01:45]} {[%emt 00:01:05]} 36.
Bb8 {[%clk 00:58:02]} {[%emt 00:01:56]} Ng5 {[%clk 00:01:29]} {[%emt 00:00:46]}
37. Qe3 {[%clk 00:58:03]} {[%emt 00:00:28]} Qc8 {[%clk 00:01:17]} {[%emt
00:00:42]} 38. Bxe5 {[%clk 00:57:42]} {[%emt 00:00:51]} Qh3+ {[%clk 00:01:35]}
{[%emt 00:00:12]} 39. Kg1 {[%clk 00:57:35]} {[%emt 00:00:37]} Qxh5 {[%clk
00:01:50]} {[%emt 00:00:15]} 40. Bd6 {[%clk 00:57:31]} {[%emt 00:00:34]} Nxf3+
{[%clk 00:01:50]} {[%emt 00:00:30]} 41. Kg2 {[%clk 00:57:52]} {[%emt 00:00:09]}
Ne5 {[%clk 00:29:04]} {[%emt 00:03:17]} 42. Qe4 {[%clk 01:28:07]} {[%emt
00:00:14]} Nc6 {[%clk 00:26:04]} {[%emt 00:03:29]} 43. Bf4 {[%clk 01:23:34]}
{[%emt 00:05:04]} Qd1 {[%clk 00:24:57]} {[%emt 00:01:37]} 44. Be3 {[%clk
01:17:35]} {[%emt 00:06:30]} Qd7 {[%clk 00:18:11]} {[%emt 00:07:15]} 45. Qh4
{[%clk 01:15:44]} {[%emt 00:02:22]} h5 {[%clk 00:18:08]} {[%emt 00:00:33]} 46.
Qf4 {[%clk 01:15:22]} {[%emt 00:00:52]} Ne5 {[%clk 00:17:03]} {[%emt 00:01:33]}
47. Bd4 {[%clk 01:12:48]} {[%emt 00:03:06]} Qc6+ {[%clk 00:16:52]} {[%emt
00:00:41]} 48. Kg1 {[%clk 01:12:11]} {[%emt 00:01:08]} g5 {[%clk 00:13:28]}
{[%emt 00:03:54]} 49. Qe3 {[%clk 01:10:43]} {[%emt 00:01:57]} Qf3 {[%clk
00:13:07]} {[%emt 00:00:51]} 50. Qc3 {[%clk 01:09:53]} {[%emt 00:01:20]} Qd1+
{[%clk 00:12:21]} {[%emt 00:01:15]} 51. Kf2 {[%clk 01:08:08]} {[%emt 00:02:16]}
Ng4+ {[%clk 00:10:24]} {[%emt 00:02:27]} 52. Kg2 {[%clk 01:08:34]} {[%emt
00:00:04]} Qe2+ {[%clk 00:10:33]} {[%emt 00:00:21]} 53. Kg1 {[%clk 01:09:00]}
{[%emt 00:00:03]} Qxa2 {[%clk 00:10:05]} {[%emt 00:00:58]} 54. Qd3 {[%clk
01:09:19]} {[%emt 00:00:12]} Qh2+ {[%clk 00:08:12]} {[%emt 00:02:23]} 55. Kf1
{[%clk 01:09:47]} {[%emt 00:00:02]} Qh3+ {[%clk 00:07:13]} {[%emt 00:01:29]}
56. Ke2 {[%clk 01:10:15]} {[%emt 00:00:02]} Qg2+ {[%clk 00:07:32]} {[%emt
00:00:11]} 57. Kd1 {[%clk 01:10:40]} {[%emt 00:00:05]} Kg7 {[%clk 00:07:29]}
{[%emt 00:00:33]} 58. Qf5 {[%clk 01:10:58]} {[%emt 00:00:12]} Kh6 {[%clk
00:06:49]} {[%emt 00:01:10]} 59. Bc5 {[%clk 01:11:20]} {[%emt 00:00:07]} Kg7
{[%clk 00:04:22]} {[%emt 00:02:57]} 60. Qd7+ {[%emt 00:02:40]} Kg6 {[%emt
00:00:01]} 61. Qe8+ {[%emt 00:00:01]} Kh6 62. Qd7 Kg6 {[%emt 00:00:01]} 63.
Qe8+ {[%emt 00:00:52]} Kf5 {[%emt 00:00:03]} 64. Qd7+ {[%emt 00:00:05]} Ke4
{[%emt 00:00:03]} 1/2-1/2

[Event "Deutsche Ländermeisterschaft 2023"]
[Site "Hannover GER"]
[Date "2023.10.01"]
[Round "2"]
[White "Herrmann, Jakob"]
[Black "Sidletskyi, Ivan"]
[Result "0-1"]
[Termination "normal"]
[Board "4.2"]
[BlackTitle "FM"]
[WhiteElo "2071"]
[BlackElo "2354"]
[WhiteClock "00:19:41"]
[BlackClock "00:25:52"]
[WhiteTeam "Mecklenburg-Vorpommern"]
[BlackTeam "Rheinland-Pfalz"]
[PlyCount "68"]
[WhiteFideId "16287169"]
[BlackFideId "14156024"]
[EventCountry "GER"]
[EventRounds "7"]
[EventType "team-swiss"]
[EventDate "2023.09.30"]

1. e4 {[%clk 01:30:52]} {[%emt 00:00:07]} c5 {[%clk 01:30:47]} {[%emt
00:00:14]} 2. Nf3 {[%clk 01:31:10]} {[%emt 00:00:11]} Nc6 {[%clk 01:31:01]}
{[%emt 00:00:16]} 3. Bb5 {[%clk 01:31:18]} {[%emt 00:00:22]} g6 {[%clk
01:30:22]} {[%emt 00:01:09]} 4. O-O {[%clk 01:31:33]} {[%emt 00:00:15]} Bg7
{[%clk 01:30:23]} {[%emt 00:00:29]} 5. c3 {[%clk 01:31:47]} {[%emt 00:00:16]}
e5 {[%clk 01:30:26]} {[%emt 00:00:27]} 6. d4 {[%clk 01:31:47]} {[%emt
00:00:30]} cxd4 {[%clk 01:30:09]} {[%emt 00:00:48]} 7. cxd4 {[%clk 01:32:09]}
{[%emt 00:00:08]} exd4 {[%clk 01:30:36]} {[%emt 00:00:02]} 8. Bf4 {[%clk
01:32:26]} {[%emt 00:00:13]} a6 {[%clk 01:27:01]} {[%emt 00:04:05]} 9. Ba4
{[%clk 01:32:37]} {[%emt 00:00:19]} Nge7 {[%clk 01:24:29]} {[%emt 00:03:03]}
10. Bd6 {[%clk 01:32:17]} {[%emt 00:00:50]} b5 {[%clk 01:22:00]} {[%emt
00:02:59]} 11. Bb3 {[%clk 01:32:34]} {[%emt 00:00:12]} Bb7 {[%clk 01:21:59]}
{[%emt 00:00:31]} 12. Bd5 {[%clk 01:19:31]} {[%emt 00:13:32]} Qb6 {[%clk
01:06:33]} {[%emt 00:15:56]} 13. Nbd2 {[%clk 01:11:51]} {[%emt 00:08:10]} Nc8
{[%clk 01:05:11]} {[%emt 00:01:53]} 14. Bg3 {[%clk 01:08:24]} {[%emt 00:03:56]}
O-O {[%clk 01:04:54]} {[%emt 00:00:47]} 15. Nb3 {[%clk 01:04:26]} {[%emt
00:04:29]} a5 {[%clk 00:58:49]} {[%emt 00:06:35]} 16. Rc1 {[%clk 01:02:36]}
{[%emt 00:02:19]} d6 {[%clk 00:53:17]} {[%emt 00:06:02]} 17. Re1 {[%clk
01:00:21]} {[%emt 00:02:45]} d3 {[%clk 00:50:00]} {[%emt 00:03:48]} 18. Qxd3
{[%clk 00:57:11]} {[%emt 00:03:40]} Bxb2 {[%clk 00:45:12]} {[%emt 00:05:18]}
19. Bxc6 {[%clk 00:52:15]} {[%emt 00:05:26]} Bxc6 {[%clk 00:45:34]} {[%emt
00:00:08]} 20. Rc2 {[%clk 00:52:38]} {[%emt 00:00:06]} Bg7 {[%clk 00:45:14]}
{[%emt 00:00:50]} 21. Rec1 {[%clk 00:52:15]} {[%emt 00:00:52]} Bb7 {[%clk
00:40:32]} {[%emt 00:05:13]} 22. Rc7 {[%clk 00:47:26]} {[%emt 00:05:19]} b4
{[%clk 00:37:42]} {[%emt 00:03:21]} 23. Rd7 {[%clk 00:39:43]} {[%emt 00:08:12]}
Bc6 {[%clk 00:35:19]} {[%emt 00:02:53]} 24. Bxd6 {[%clk 00:39:48]} {[%emt
00:00:25]} Bxd7 {[%clk 00:35:40]} {[%emt 00:00:08]} 25. Bxf8 {[%clk 00:40:13]}
{[%emt 00:00:06]} Bxf8 {[%clk 00:31:48]} {[%emt 00:04:22]} 26. Qxd7 {[%clk
00:40:36]} {[%emt 00:00:07]} Nd6 {[%clk 00:28:57]} {[%emt 00:03:22]} 27. Rc7
{[%clk 00:37:14]} {[%emt 00:03:52]} Qb5 {[%clk 00:28:10]} {[%emt 00:01:17]} 28.
e5 {[%clk 00:32:42]} {[%emt 00:05:02]} Qxd7 {[%clk 00:28:14]} {[%emt 00:00:26]}
29. Rxd7 {[%clk 00:33:09]} {[%emt 00:00:02]} a4 {[%clk 00:25:57]} {[%emt
00:02:47]} 30. Nbd4 {[%clk 00:31:19]} {[%emt 00:02:20]} Ne4 {[%clk 00:25:11]}
{[%emt 00:01:16]} 31. Rb7 {[%clk 00:19:23]} {[%emt 00:12:26]} b3 {[%clk
00:25:01]} {[%emt 00:00:40]} 32. axb3 {[%clk 00:19:31]} {[%emt 00:00:22]} a3
{[%clk 00:25:30]} 33. Nc2 {[%clk 00:19:16]} {[%emt 00:00:45]} a2 {[%clk
00:25:47]} {[%emt 00:00:13]} 34. Na1 {[%clk 00:19:41]} {[%emt 00:00:05]} Rc8
{[%clk 00:25:52]} {[%emt 00:00:25]} 0-1

[Event "Deutsche Ländermeisterschaft 2023"]
[Site "Hannover GER"]
[Date "2023.10.01"]
[Round "2"]
[White "Musiolik, David"]
[Black "Großmann, Piet"]
[Result "1-0"]
[Termination "normal"]
[Board "4.3"]
[WhiteElo "2263"]
[BlackElo "1904"]
[WhiteClock "00:06:55"]
[BlackClock "00:33:03"]
[WhiteTeam "Rheinland-Pfalz"]
[BlackTeam "Mecklenburg-Vorpommern"]
[PlyCount "65"]
[WhiteFideId "12972355"]
[BlackFideId "16234359"]
[EventCountry "GER"]
[EventRounds "7"]
[EventType "team-swiss"]
[EventDate "2023.09.30"]

1. e4 {[%clk 01:30:56]} {[%emt 00:00:03]} e6 {[%clk 01:30:56]} {[%emt
00:00:05]} 2. d4 {[%clk 01:31:16]} {[%emt 00:00:10]} d5 {[%clk 01:31:22]}
{[%emt 00:00:04]} 3. e5 {[%clk 01:31:29]} {[%emt 00:00:17]} c5 {[%clk
01:31:48]} {[%emt 00:00:05]} 4. c3 {[%clk 01:31:47]} {[%emt 00:00:11]} Nc6
{[%clk 01:32:15]} {[%emt 00:00:03]} 5. Nf3 {[%clk 01:32:02]} {[%emt 00:00:15]}
Qb6 {[%clk 01:32:12]} {[%emt 00:00:33]} 6. a3 {[%clk 01:31:55]} {[%emt
00:00:37]} c4 {[%clk 01:32:25]} {[%emt 00:00:17]} 7. Nbd2 {[%clk 01:32:02]}
{[%emt 00:00:24]} Na5 {[%clk 01:32:39]} {[%emt 00:00:15]} 8. Rb1 {[%clk
01:32:18]} {[%emt 00:00:13]} Bd7 {[%clk 01:31:42]} {[%emt 00:01:27]} 9. h4
{[%clk 01:32:36]} {[%emt 00:00:13]} Qc7 {[%clk 01:30:51]} {[%emt 00:01:21]} 10.
h5 {[%clk 01:25:40]} {[%emt 00:07:26]} h6 {[%clk 01:31:13]} {[%emt 00:00:08]}
11. Rh3 {[%clk 01:25:11]} {[%emt 00:00:59]} Ne7 {[%clk 01:22:03]} {[%emt
00:09:40]} 12. b4 {[%clk 01:24:00]} {[%emt 00:01:41]} cxb3 {[%clk 01:22:28]}
{[%emt 00:00:06]} 13. Nxb3 {[%clk 01:24:16]} {[%emt 00:00:13]} Ba4 {[%clk
01:22:44]} {[%emt 00:00:15]} 14. Nfd2 {[%clk 01:23:38]} {[%emt 00:01:08]} Nc8
{[%clk 01:21:02]} {[%emt 00:02:12]} 15. f4 {[%clk 01:01:05]} {[%emt 00:23:03]}
Nxb3 {[%clk 01:17:11]} {[%emt 00:04:20]} 16. Nxb3 {[%clk 01:01:14]} {[%emt
00:00:21]} Nb6 {[%clk 01:17:34]} {[%emt 00:00:07]} 17. Bd3 {[%clk 00:59:25]}
{[%emt 00:02:19]} O-O-O {[%clk 01:09:15]} {[%emt 00:08:49]} 18. f5 {[%clk
00:34:24]} {[%emt 00:25:31]} exf5 {[%clk 00:53:12]} {[%emt 00:16:33]} 19. Bxf5+
{[%clk 00:34:16]} {[%emt 00:00:38]} Bd7 {[%clk 00:53:15]} {[%emt 00:00:26]} 20.
Qg4 {[%clk 00:31:55]} {[%emt 00:02:51]} Re8 {[%clk 00:50:42]} {[%emt 00:03:03]}
21. Rf3 {[%clk 00:25:20]} {[%emt 00:07:05]} Be6 {[%emt 00:09:00]} 22. Bxe6+
{[%clk 00:22:49]} {[%emt 00:00:01]} Rxe6 {[%clk 00:42:55]} {[%emt 00:02:47]}
23. Qf5 {[%clk 00:11:32]} {[%emt 00:11:47]} Be7 {[%clk 00:40:53]} {[%emt
00:02:31]} 24. Qxf7 {[%clk 00:11:15]} {[%emt 00:00:48]} Bh4+ {[%clk 00:37:24]}
{[%emt 00:03:59]} 25. Kf1 {[%clk 00:09:46]} {[%emt 00:01:58]} Qc4+ {[%clk
00:34:39]} {[%emt 00:03:15]} 26. Kg1 {[%clk 00:09:01]} {[%emt 00:01:16]} Re7
{[%clk 00:34:24]} {[%emt 00:00:44]} 27. Qf4 {[%clk 00:07:21]} {[%emt 00:02:10]}
Bg5 {[%clk 00:32:55]} {[%emt 00:02:00]} 28. Qg4+ {[%clk 00:07:27]} {[%emt
00:00:24]} Kb8 {[%clk 00:33:06]} {[%emt 00:00:19]} 29. Bxg5 {[%clk 00:07:24]}
{[%emt 00:00:34]} hxg5 {[%clk 00:33:30]} {[%emt 00:00:06]} 30. Qxg5 {[%clk
00:07:43]} {[%emt 00:00:11]} Rc7 {[%clk 00:33:40]} {[%emt 00:00:19]} 31. Nc5
{[%clk 00:07:18]} {[%emt 00:00:56]} Qa2 {[%clk 00:33:34]} {[%emt 00:00:35]} 32.
Rbf1 {[%clk 00:07:08]} {[%emt 00:00:41]} Qxa3 {[%clk 00:33:03]} {[%emt
00:01:01]} 33. e6 {[%clk 00:06:55]} {[%emt 00:00:43]} 1-0

[Event "Deutsche Ländermeisterschaft 2023"]
[Site "Hannover GER"]
[Date "2023.10.01"]
[Round "2"]
[White "Schulz, Bruno Andreas"]
[Black "Gröschel, Karoline"]
[Result "1-0"]
[Termination "normal"]
[Board "4.4"]
[WhiteElo "1737"]
[BlackElo "1962"]
[WhiteClock "01:01:47"]
[BlackClock "00:18:45"]
[WhiteTeam "Mecklenburg-Vorpommern"]
[BlackTeam "Rheinland-Pfalz"]
[PlyCount "69"]
[WhiteFideId "34618473"]
[BlackFideId "34610537"]
[EventCountry "GER"]
[EventRounds "7"]
[EventType "team-swiss"]
[EventDate "2023.09.30"]

1. d4 {[%clk 01:30:54]} {[%emt 00:00:05]} Nf6 {[%clk 01:30:56]} {[%emt
00:00:04]} 2. c4 {[%clk 01:31:19]} {[%emt 00:00:05]} e6 {[%clk 01:31:21]}
{[%emt 00:00:07]} 3. Nf3 {[%clk 01:31:43]} {[%emt 00:00:05]} d5 {[%clk
01:31:46]} {[%emt 00:00:05]} 4. Nc3 {[%clk 01:32:05]} {[%emt 00:00:08]} Bb4
{[%clk 01:32:09]} {[%emt 00:00:08]} 5. cxd5 {[%clk 01:32:10]} {[%emt 00:00:25]}
exd5 {[%clk 01:31:50]} {[%emt 00:00:48]} 6. Bf4 {[%clk 01:32:12]} {[%emt
00:00:27]} O-O {[%clk 01:28:43]} {[%emt 00:03:38]} 7. e3 {[%clk 01:32:12]}
{[%emt 00:00:29]} c6 {[%clk 01:21:01]} {[%emt 00:08:13]} 8. Bd3 {[%clk
01:30:52]} {[%emt 00:01:49]} Re8 {[%clk 01:18:13]} {[%emt 00:03:19]} 9. O-O
{[%clk 01:29:32]} {[%emt 00:01:50]} Nbd7 {[%clk 01:12:59]} {[%emt 00:05:44]}
10. Ne5 {[%clk 01:26:36]} {[%emt 00:03:26]} Nxe5 {[%clk 01:11:02]} {[%emt
00:02:27]} 11. Bxe5 {[%clk 01:24:51]} {[%emt 00:02:15]} Ng4 {[%clk 01:10:23]}
{[%emt 00:01:09]} 12. Bg3 {[%clk 01:24:11]} {[%emt 00:01:10]} Bd6 {[%clk
01:10:28]} {[%emt 00:00:25]} 13. Ne2 {[%clk 01:23:09]} {[%emt 00:01:32]} Bxg3
{[%clk 01:10:24]} {[%emt 00:00:34]} 14. Nxg3 {[%clk 01:23:25]} {[%emt
00:00:15]} Qh4 {[%clk 01:09:14]} {[%emt 00:01:41]} 15. h3 {[%clk 01:23:41]}
{[%emt 00:00:13]} Nxe3 {[%clk 01:06:59]} {[%emt 00:02:46]} 16. Qe1 {[%clk
01:19:49]} {[%emt 00:04:23]} Qg5 {[%clk 00:57:54]} {[%emt 00:09:35]} 17. h4
{[%clk 01:09:52]} {[%emt 00:10:27]} Qh6 {[%emt 00:20:58]} 18. fxe3 {[%clk
01:09:33]} Rxe3 {[%clk 00:38:11]} {[%emt 00:00:32]} 19. Qf2 {[%clk 01:09:30]}
{[%emt 00:00:33]} Be6 {[%clk 00:34:19]} {[%emt 00:04:23]} 20. Bf5 {[%clk
01:07:51]} {[%emt 00:02:09]} Re8 {[%clk 00:29:51]} {[%emt 00:04:57]} 21. Bxe6
{[%clk 01:07:28]} {[%emt 00:00:53]} Qxe6 {[%clk 00:30:16]} {[%emt 00:00:05]}
22. Nf5 {[%clk 01:07:08]} {[%emt 00:00:50]} Re2 {[%clk 00:29:23]} {[%emt
00:01:23]} 23. Qg3 {[%clk 01:07:10]} {[%emt 00:00:28]} g6 {[%clk 00:29:43]}
{[%emt 00:00:09]} 24. Nh6+ {[%clk 01:07:15]} {[%emt 00:00:25]} Kg7 {[%clk
00:29:39]} {[%emt 00:00:35]} 25. Rxf7+ {[%clk 01:07:35]} {[%emt 00:00:10]} Kh8
{[%clk 00:28:47]} {[%emt 00:01:22]} 26. Rf3 {[%clk 01:07:02]} {[%emt 00:01:04]}
Qe4 {[%clk 00:27:21]} {[%emt 00:01:56]} 27. Raf1 {[%clk 01:04:43]} {[%emt
00:02:48]} Qxd4+ {[%clk 00:27:06]} {[%emt 00:00:46]} 28. Kh1 {[%clk 01:05:04]}
{[%emt 00:00:08]} Qg7 {[%clk 00:27:01]} {[%emt 00:00:35]} 29. Nf7+ {[%clk
01:04:44]} {[%emt 00:00:50]} Kg8 {[%clk 00:26:56]} {[%emt 00:00:35]} 30. Nd6
{[%clk 01:04:46]} {[%emt 00:00:28]} Rd8 {[%clk 00:25:03]} {[%emt 00:02:24]} 31.
Qg4 {[%clk 01:02:10]} {[%emt 00:03:05]} Qe7 {[%clk 00:21:26]} {[%emt 00:04:07]}
32. Nf5 {[%clk 01:01:46]} {[%emt 00:00:54]} Qe8 {[%clk 00:18:21]} {[%emt
00:03:35]} 33. Nh6+ {[%clk 01:01:57]} {[%emt 00:00:19]} Kg7 {[%clk 00:18:40]}
{[%emt 00:00:11]} 34. Rf7+ {[%clk 01:02:00]} {[%emt 00:00:27]} Kh8 {[%clk
00:18:45]} {[%emt 00:00:24]} 35. Rf8+ {[%clk 01:01:47]} {[%emt 00:00:43]} 1-0